[Event "Cammeray Norths CC op"]
[Site "Cammeray"]
[Date "2010.01.06"]
[Round "4"]
[White "Bodlander, Serge"]
[Black "Harrison, Joe"]
[Result "1-0"]
[WhiteElo "1147"]
[BlackElo "1017"]
[PlyCount "66"]
[EventDate "2010.01.02"]
[EventType "swiss"]
[EventRounds "7"]
[EventCountry "AUS"]
[SourceTitle "EXT 2011"]
[Source "ChessBase"]
[SourceDate "2010.11.26"]
[SourceVersion "1"]
[SourceVersionDate "2010.11.26"]
[SourceQuality "1"]

1. g3 e5 2. Bg2 Nf6 3. d3 Be7 4. Nf3 d6 5. 0-0 Nbd7 6. Nbd2 0-0 7. b3 Rb8 8. Bb2 b6 9. e4 Bb7 10. d4 exd4 11. Nxd4 c5 12. Nf5 Rc8 13. Re1 Rc7 14. Nxe7+ Qxe7 15. Nc4 Rd8 16. Qxd6 Qxd6 17. Nxd6 Bc6 18. Rad1 Nf8 19. e5 Ng4 20. Bh3 h5 21. Bf1 Ne6 22. f4 f6 23. exf6 Nd4 24. Bc4+ Kf8 25. fxg7+ Rxg7 26. Bxd4 cxd4 27. Rxd4 Rgd7 28. Red1 Nf6 29. c3 Ng4 30. Bb5 Bxb5 31. Nxb5 Nf6 32. Rxd7 Nxd7 33. Nxa7 Ke7 1-0